Andaman and Nicobar Islands : (Record no. 129596)

MARC details
000 -LEADER
fixed length control field 00799nam a22002297a 4500
005 - DATE AND TIME OF LATEST TRANSACTION
control field 20170124110058.0
010 ## - LIBRARY OF CONGRESS CONTROL NUMBER
LC control number B-160938
020 ## - INTERNATIONAL STANDARD BOOK NUMBER
Terms of availability 00.00
International Standard Book Number 8183240496
035 ## - SYSTEM CONTROL NUMBER
System control number B-160938
037 ## - SOURCE OF ACQUISITION
Source of stock number/acquisition Cen Lib/Ret
040 ## - CATALOGING SOURCE
Original cataloging agency DPL
Language of cataloging EN
082 ## - DEWEY DECIMAL CLASSIFICATION NUMBER
Classification number 954.36
Item number MUR
100 ## - MAIN ENTRY--PERSONAL NAME
Personal name Murthy, R.V.R.
9 (RLIN) 26845
245 ## - TITLE STATEMENT
Title Andaman and Nicobar Islands :
Statement of responsibility, etc by R.V.R.Murthy
Remainder of title development and decentralization /
260 ## - PUBLICATION, DISTRIBUTION, ETC. (IMPRINT)
Name of publisher, distributor, etc Mittal Publications
Place of publication, distribution, etc New Delhi
Date of publication, distribution, etc 2005
270 ## - ADDRESS
Address A-110, Mohan Garden
City New Delhi
Postal code 110059
300 ## - PHYSICAL DESCRIPTION
Extent x,228p.
Dimensions 21cm(Hb)
500 ## - GENERAL NOTE
General note Includes bibliographical references and index
650 ## - SUBJECT ADDED ENTRY--TOPICAL TERM
Topical term or geographic name as entry element Decentralization in government -- Andaman and Nicobar
9 (RLIN) 26846
650 ## - SUBJECT ADDED ENTRY--TOPICAL TERM
Topical term or geographic name as entry element Local government -- Andaman and Nicobar Islands
9 (RLIN) 26847
942 ## - ADDED ENTRY ELEMENTS (KOHA)
Source of classification or shelving scheme Dewey Decimal Classification
Koha item type English Books
Classification part 954.36
Call number suffix MUR
Holdings
Withdrawn status Lost status Damaged status Not for loan Home library Current library Date acquired Source of acquisition Cost, normal purchase price Total Checkouts Full call number Barcode Date last seen Copy number Cost, replacement price Price effective from Koha item type Source of classification or shelving scheme Collection code
        Central Library Central Library 07/07/2015 Cen Lib/Ret 0.00   954.36 MUR B-160938 07/07/2015 1 0.00 07/07/2015 English Books    
        Sarojini Nagar Sarojini Nagar 07/02/2019       954.36 MUR B-160940 07/02/2019     07/02/2019 English Books Dewey Decimal Classification Non-fiction

© Delhi Public Library
Hit Counter
free hit counter